000 00534nam a22001937a 4500
003 DO-SdBNP
005 20220322103755.0
007 ta
008 210907b 2018 dr 00| 0 eng d
020 _a9789993445265
040 _aDO-SdBNP
_bspa
_cBNPHU
100 1 _aOrtíz Monagas, María Cristina
_979787
245 1 _aCuando florecen las lilas /
_cMaría Cristina Ortíz Monagas
260 _aSanto Domingo :
_bSurco,
_c2018.
300 _a111 p. ;
_c18 cm.
590 _aInventariado, 2021/BT
910 _aBtavárez
942 _2ddc
_cLBS1
999 _c50445
_d50445